书目信息 |
| 题名: |
现代电力电子器件及其应用
|
|
| 作者: | 华伟 , 周文定 编著 | |
| 分册: | ||
| 出版信息: | 北京 北方交通大学出版社 2002.03 |
|
| 页数: | 192页 | |
| 开本: | 26cm | |
| 丛书名: | ||
| 单 册: | ||
| 中图分类: | TN303 | |
| 科图分类: | ||
| 主题词: | 半导体技术 | |
| 电子资源: | ||
| ISBN: | 7-81082-032-X | |
| 000 | 00604nam0 2200193 45 | |
| 001 | 0436090815 | |
| 005 | 2004051210013081 | |
| 010 | @a7-81082-032-X@dCNY 19.00 | |
| 100 | @a20040512d2002 km y0chiy0120 ea | |
| 101 | 0 | @achi |
| 200 | 1 | @a现代电力电子器件及其应用@Axian dai dian li dian zi qi jian ji qi ying yong@f华伟,周文定编著@FHua Wei,Zhou Wen Ding Bian Zhu |
| 210 | @a北京@c北方交通大学出版社@d2002.03 | |
| 215 | @a192页@d26cm | |
| 606 | 0 | @a半导体技术 |
| 690 | @aTN303@v4 | |
| 701 | 0 | @a华伟@AHua Wei@4编著 |
| 701 | 0 | @a周文定@AZhou Wen Ding@4编著 |
| 801 | 0 | @aCN@bPFT@c20040512 |
| 905 | @dTN303@eH764 | |
| 现代电力电子器件及其应用/华伟,周文定编著.-北京:北方交通大学出版社,2002.03 |
| 192页;26cm |
| ISBN 7-81082-032-X:CNY 19.00 |
| ● |
| 相关链接 |
|
|
|
正题名:现代电力电子器件及其应用
索取号:TN303/H764
 
预约/预借
| 序号 | 登录号 | 条形码 | 馆藏地/架位号 | 状态 | 备注 |
| 1 | 396021 | 203960213 | 自科库301/404自科库 18排3列2层/ [索取号:TN303/H764] | 在馆 | |
| 2 | 396022 | 203960222 | 自科库301/301自科库 25排4列3层/ [索取号:TN303/H764] | 在馆 | |
| 3 | 396023 | 203960231 | 自科库301/301自科库 25排4列3层/ [索取号:TN303/H764] | 在馆 |